000 01451cam a2200409Mi 4500
001 on1109148178
003 TZ-ArACH
005 20230506141031.0
008 190618s2019 enk 000 0 eng d
020 _a9780198838807
020 _a0198838808
020 _a9780199680788
020 _a0199680787
035 _a(OCoLC)1109148178
040 _aDEBBG
_bger
_erda
_cTZ-ArACH
049 _aTZAA
050 4 _aKG736
_b.A49 2017
100 1 _aAlter, Karen J.
_eVerfasser.
_4aut
245 1 0 _aTransplanting international courts :
_bthe law and politics of the Andean tribunal of justice /
_cKaren J. Alter, Laurence R. Helfer.
250 _aFirst published in paperback.
260 _aOxford (UK);
_bOxford University Press;
_c2017.
300 _axxiv, 308 Seiten
_c23 cm
490 0 _aInternational courts and tribunals series
504 _aBibliography and index
610 2 0 _aTribunal de Justicia del Acuerdo de Cartagena.
610 2 7 _aTribunal de Justicia del Acuerdo de Cartagena.
_2fast
610 2 7 _aTribunal de Justicia del Acuerdo de Cartagena
_gQuito
_2gnd
630 0 0 _aCartagena Agreement
_d(1969)
630 0 7 _aCartagena Agreement (1969)
_2fast
650 0 _aCourts
_zAndes Region.
650 7 _aCourts.
_2fast
650 7 _aPolitics and government.
_2fast
651 0 _aAndes Region
_xPolitics and government.
651 7 _aAndes Region.
_2fast
700 1 _aHelfer, Laurence R.
_eVerfasser.
_4aut
942 _2lcc
_cBOOK
999 _c6266
_d6266